| 000 | 00426nam a22001697a 4500 | ||
|---|---|---|---|
| 999 |
_c6013 _d6013 |
||
| 003 | GBCCL | ||
| 005 | 20241126110554.0 | ||
| 008 | 180420b ||||| |||| 00| 0 eng d | ||
| 040 | _cgbc | ||
| 082 |
_aVER 264.23 _bBIA |
||
| 245 | _aBiakna Late (Tonic solfa tawh) | ||
| 250 | _a3rd ed. | ||
| 260 |
_bEvangelical Book House, ECC, _aNew Lamka: _c1991 |
||
| 300 |
_a541 p.; _c21 cm. |
||
| 650 |
_aHymns _97148 |
||
| 942 |
_2ddc _cBK _01 |
||